| 000 | 00822nam a2200181 a 4500 | ||
|---|---|---|---|
| 008 | 120416s1978 ||||||||||||||||| || u | ||
| 050 | _aQK 641 Cut | ||
| 100 | _aCutter, Elizabeth G | ||
| 245 | 1 | 0 | _aPlant anatomy |
| 260 |
_aLondon _bEdward Arnold _c1978 |
||
| 300 | _avi, 315p. : ill | ||
| 350 | _a0.00 | ||
| 650 | _aPLANTS | ||
| 650 | _aANATOMY--PLANTS | ||
| 995 |
_aMAIN LIBRARY OPEN ACCESS _D0.00 _e706372 _FCBU-MAIN LIBRARY (Kitwe) _H2 _I0.00 _jQK 641 Cut _M1 _UAVAILABLE _y014669 _ZMain Library Open Access Collection |
||
| 995 |
_aBINDERY (DAMAGED) _D0.00 _e711610 _FCBU-MAIN LIBRARY (Kitwe) _H1 _I0.00 _jQK 641 Cut _M2 _UDAMAGED _y014670 _ZMain Library Open Access Collection |
||
| 995 |
_aMAIN LIBRARY OPEN ACCESS _D0.00 _e706242 _FCBU-MAIN LIBRARY (Kitwe) _H3 _I0.00 _jQK 641 Cut _M3 _ULOST _y014671 _ZMain Library Open Access Collection |
||
| 999 |
_c81957 _d81957 |
||